STRATEGIC MANAGEMENT: CONCEPTS AND CASES (Record no. 78221)
[ view plain ]
| 000 -LEADER | |
|---|---|
| fixed length control field | 00245nam a2200097Ia 4500 |
| 050 ## - LIBRARY OF CONGRESS CALL NUMBER | |
| Classification number | HD30.28.D38.C.1 |
| 100 ## - MAIN ENTRY--PERSONAL NAME | |
| Personal name | FRED R.DAVID |
| 245 #0 - TITLE STATEMENT | |
| Title | STRATEGIC MANAGEMENT: CONCEPTS AND CASES |
| 942 ## - ADDED ENTRY ELEMENTS (KOHA) | |
| Koha item type | Long Loan Book |
| Withdrawn status | Lost status | Source of classification or shelving scheme | Damaged status | Not for loan | Collection | Home library | Current library | Shelving location | Date acquired | Inventory number | Total checkouts | Full call number | Barcode | Date last seen | Copy number | Price effective from | Koha item type |
|---|---|---|---|---|---|---|---|---|---|---|---|---|---|---|---|---|---|
| Library of Congress Classification | Business & Economics | Kisii University Library | Kisii University Library | On Display | 04/09/2024 | 49987 | HD 30.28 .D38 2001 | 000000005700 | 04/09/2024 | C.1 | 04/09/2024 | Long Loan Book | |||||
| Library of Congress Classification | Business & Economics | Kisii University Library | Kisii University Library | On Display | 04/09/2024 | 88597 | HD 30.28 .D38 2001 | 001767 | 04/09/2024 | C.4 | 04/09/2024 | Long Loan Book | |||||
| Library of Congress Classification | Business & Economics | Kisii University Library | Kisii University Library | On Display | 04/09/2024 | 88514 | HD 30.28 .D38 2001 | 001765 | 04/09/2024 | C.2 | 04/09/2024 | Long Loan Book | |||||
| Library of Congress Classification | Business & Economics | Kisii University Library | Kisii University Library | On Display | 04/09/2024 | 88560 | HD 30.28 .D38 2001 | 001766 | 05/06/2025 | C.3 | 04/09/2024 | Long Loan Book |